LEADER 01126nam a2200277I 4500 001 991003486029707536 008 180319s1971 mnua 000 0 eng d 035 $ab14340343-39ule_inst 040 $aBibl. Dip.le Aggr. Matematica e Fisica - Sez. Fisica$beng 082 04$a539.7078 084 $aLC QC173 084 $a53.4 100 1 $aChase, Grafton D.$090261 245 10$aExperiments in nuclear science /$cGrafton D. Chase, Stephen Rituper, John W. Sulcoski ; illustrated by Vincent Civiletti 250 $a2nd ed. 260 $aMinneapolis, MN :$bBurgess Pub. Co.,$cc1971 300 $axvi, 203 p. :$bill. ;$c28 cm 650 4$aNuclear physics$vLaboratory manuals 700 1 $aRituper, Stephen$eauthor$4http://id.loc.gov/vocabulary/relators/aut$0785464 700 1 $aSulcoski, John W. 907 $a.b14340343$b22-03-18$c22-03-18 912 $a991003486029707536 945 $aLE006 53(022)+53.0.6 CHA$g1$i2006000179799$lle006$og$pE70.00$q-$rl$s- $t0$u0$v0$w0$x0$y.i15840980$z22-03-18 996 $aExperiments in nuclear science$91748655 997 $aUNISALENTO 998 $ale006$b22-03-18$cm$da $e $feng$gmnu$h0$i0 LEADER 00863nam a22002411i 4500 001 991001609749707536 005 20031126152830.0 008 040407s1958 fr a||||||||||||||||fre 035 $ab12796414-39ule_inst 035 $aARCHE-077604$9ExL 040 $aDip.to Scienze Storiche$bita$cA.t.i. Arché s.c.r.l. Pandora Sicilia s.r.l. 082 04$a728 100 1 $aDecary, Raymond$0130638 245 12$aL'habitat a Madagascar /$cRaymond Decary 260 $aPau :$bMarrimpouey jeune,$c1958 300 $a80 p. :$bill. ;$c24 cm 650 4$aAbitazioni 907 $a.b12796414$b02-04-14$c16-04-04 912 $a991001609749707536 945 $aLE009 GEOG.16-100$g1$i2009000157613$lle009$o-$pE0.00$q-$rl$s- $t0$u0$v0$w0$x0$y.i13342149$z16-04-04 996 $aHabitat a Madagascar$9293646 997 $aUNISALENTO 998 $ale009$b16-04-04$cm$da $e-$ffre$gfr $h2$i1 LEADER 02849oas 2201105 a 450 001 9910140783203321 005 20260324110036.0 011 $a2210-7185 035 $a(OCoLC)711524109 035 $a(CONSER) 2012233682 035 $a(CKB)2670000000046337 035 $a(DE-599)ZDB2158254-3 035 $a(MiFhGG)13NP 035 $a(DE-599)2584078-2 035 $a(EXLCZ)992670000000046337 100 $a20110406a20109999 uy a 101 0 $aeng 135 $aur||||||||||| 181 $ctxt$2rdacontent 182 $cc$2rdamedia 183 $acr$2rdacarrier 200 10$aAnalytical cellular pathology 210 $aAmsterdam $cIOS Press 210 21$aLondon :$cHindawi 210 31$a[Hoboken, NJ] :$cJohn Wiley and Sons, Inc. 215 $a1 online resource 300 $aRefereed/Peer-reviewed 311 08$a2210-7177 517 1 $aAnalytical cellular pathology/cellular oncology 531 0 $aAnal. cell. pathol. 606 $aPathology, Cellular$vPeriodicals 606 $aCytology$vPeriodicals 606 $aOncology$vPeriodicals 606 $aCancer$xCytopathology$vPeriodicals 606 $aCell Transformation, Neoplastic 606 $aCells$xpathology 606 $aCytological Techniques 606 $aGenetic Techniques 606 $aCancer$xCytopathology$2fast$3(OCoLC)fst00845344 606 $aCytology$2fast$3(OCoLC)fst00886282 606 $aOncology$2fast$3(OCoLC)fst01045739 606 $aPathology, Cellular$2fast$3(OCoLC)fst01054974 608 $aPeriodical. 608 $aPeriodicals.$2fast 608 $aPeriodicals.$2lcgft 615 0$aPathology, Cellular 615 0$aCytology 615 0$aOncology 615 0$aCancer$xCytopathology 615 2$aCell Transformation, Neoplastic. 615 2$aCells$xpathology. 615 2$aCytological Techniques. 615 2$aGenetic Techniques. 615 7$aCancer$xCytopathology. 615 7$aCytology. 615 7$aOncology. 615 7$aPathology, Cellular. 676 $a611.01815 801 0$bHNK 801 1$bHNK 801 2$bHNK 801 2$bOCLCQ 801 2$bGUA 801 2$bOCLCF 801 2$bOCLCQ 801 2$bOCLCO 801 2$bLGG 801 2$bORX 801 2$bOCLCO 801 2$bOCLCQ 801 2$bOCLCO 801 2$bOCLCQ 801 2$bU3W 801 2$bBUF 801 2$bOCLCO 801 2$bAU@ 801 2$bOCLCO 801 2$bWYU 801 2$bOCLCO 801 2$bOCLCA 801 2$bVT2 801 2$bOCLCO 801 2$bUKMGB 801 2$bOCLCQ 801 2$bOCLCO 801 2$bQGK 801 2$bNLM 801 2$bUBY 801 2$bWAU 801 2$bDLC 801 2$bOCLCQ 906 $aJOURNAL 912 $a9910140783203321 996 $aAnalytical cellular pathology$92072393 997 $aUNINA